| 000 | 00500nam a22001817a 4500 | ||
|---|---|---|---|
| 005 | 20251108164239.0 | ||
| 008 | 250721s1979 xx 000 0 ara d | ||
| 082 | 1 | 4 | _a920/أحم |
| 100 | 1 | _aبله، أحمد | |
| 245 | 1 | 0 | _aمذكرات أحمد بن بله / |
| 250 | _aط2. | ||
| 264 | 1 |
_aبيروت : _bمنشورات دار الآداب، _c1979. |
|
| 300 | _a182 ص | ||
| 650 | 1 | 7 | _aالتراجم |
| 700 | 1 |
_aالأخضر، العفيف _eترجمة |
|
| 942 |
_2ddc _cBK |
||
| 999 |
_c7386 _d7386 |
||